| 000 | 00352nam a2200157Ia 4500 | ||
|---|---|---|---|
| 008 | 210210b xxu||||| |||| 00| 0 eng d | ||
| 041 | _aeng | ||
| 082 | _a879/110 | ||
| 100 | _aPALA GOPALAN NAIR | ||
| 245 | _aYuva hridhayam | ||
| 260 |
_a _bNot Mentioned _c |
||
| 650 | _aYuva | ||
| 650 | _ahridhayam | ||
| 690 | _aMalayalam Fiction | ||
| 906 | _a002776 | ||
| 999 |
_c124789 _d124789 |
||